000 01365cam a2200409 a 4500
001 15675999
003 ARRUPE
005 20211013115734.0
006 m d
007 cr |||||||||||
008 070418s2007 stk sbe 000 0 eng d
010 _a 2009659184
020 _a9786610833962
020 _z0748620338 (Paper)
020 _z0748622144 (Cloth)
020 _z0748629149 (electronic bk.)
035 _a(UK-RwCLS)cis6080361
037 _a083396
_bMIL
040 _aUK-RwCLS
_cUK-RwCLS
_dDLC
042 _alccopycat
050 0 0 _aQ174.7
082 0 4 _a501
_222
100 1 _aPsillos, Stathis,
_d1965-
_92898
245 1 0 _aPhilosophy of science A-Z
_h[electronic resource] /
_cStathis Psillos.
246 3 _aPhilosophy of science A to Z
260 _aEdinburgh :
_bEdinburgh University Press,
_cc2007.
300 _axi, 280 p.
_c24cm.
440 0 _aPhilosophy A-Z series
_943878
500 _aTitle from e-book title screen (viewed October 15, 2007).
504 _aIncludes bibliography (p. [266]-280).
530 _aAlso available in print.
650 0 _aScience
_xPhilosophy
_vEncyclopedias.
_950415
650 0 _aScience
_xPhilosophy
_xTerminology.
_950416
856 4 0 _zConnect to MyiLibrary resource
_uhttp://www.myilibrary.com?id=83396
906 _a7
_bcbc
_ccopycat
_du
_encip
_f20
_gy-gencatlg
942 _2lcc
_cMONOGRAPH
999 _c130784
_d130784